Eglogas geórgicas

Gorde:
Xehetasun bibliografikoak
Egile nagusia: Virgilio Marón, Publio (Egilea)
Formatua: Liburua
Hizkuntza:gaztelania
Argitaratua: Madrid Espasa Calpe 1982
Edizioa:9a. ed
Saila:Colección Austral, 203
Gaiak:
Etiketak: Etiketa erantsi
Etiketarik gabe, Izan zaitez lehena erregistro honi etiketa jartzen!

MARC

LEADER 00000cam a2200000 a 4500
001 UCD9250
003 CL-VaPUC
008 170609e19820000sp |||||||||||||||||spa|d
020 |a 842390203X 
082 0 4 |a 873  |b VIR  |2 21 
100 0 |a Virgilio Marón, Publio  |e author  |9 266333 
245 1 0 |a Eglogas geórgicas 
250 |a 9a. ed 
300 |a 152 p 
942 |c BK 
945 |d 20170609 16:51:00  |a arojas 
260 |a Madrid  |b Espasa Calpe  |c 1982 
600 0 7 |a VIRGILIO  |2 CL-VaPUC  |9 266332 
650 0 |a Poesías épicas latinas   |9 265355 
650 7 |a POESIAS LATINAS  |2 CL-VaPUC  |9 592942 
583 |a last modification  |c 20170609 16:51:00  |k Rodrigo Vera 
490 0 |a Colección Austral, 203 
999 |c 368491  |d 368489 
952 |0 0  |1 0  |3 erb  |4 0  |6 873_000000000000000_VIR_1982  |7 0  |8 A  |9 483824  |a BIBEDU  |b BIBEDU  |i 5395062  |l 2  |m 1  |o 873 VIR 1982  |p 5395062  |r 2024-08-29  |s 2024-08-19  |w 2019-11-24  |y BK  |z Catalogado en:20170609  |k EPE